00626cam a2200181 a 450000100100000000500170001000800410002704000250006808200140009310000200010724500510012726000540017830000330023249000620026550400290032765100260035683000620038200000764920200929154239.0720726s1953 fr a 000 0 fre  aDO-SdBNPbspacBNPHU axxbP331c1 aPaulme, Denise.14aLes civilisations africaines /cDenise Paulme. aParis :bPresses Universitaires de France,c1953. a124, [4] p. :bil. ;c18 cm.1 a"Que sais-je?" Le point des connaissances actuelles,v606 aBibliografía: p. [125] 0aAfricaxCivilization. 0a"Que sais-je?" Le point des connaissances actuelles,v606